000 00862nam a2200277 i 4500
001 18694
003 ES-MaACL
005 20250804041855.0
007 t|
008 020228s1991 sp ||||0| spa d
016 7 _zCEN920113310
020 _a84-7786-0475
040 _aM-BN
_bspa
_cCEN
080 _a39(460.35)
080 _a398.8(460.35)
100 1 _aArrebola, Alfredo.
_923235
245 1 0 _aIntroducción al folklore andaluz y cante flamenco
_b: (unidades temáticas para su enseñanza).
260 _aCádiz :
_bUniversidad de Cádiz, Servicio de Publicaciones,
_cD.L. 1991.
300 _a178 p :
_bil ;
_c24 cm.
504 _aBibliografía.
650 1 4 _aFolklore-
_zAndalucía.
_912914
650 7 _aFlamenco
_2embne
_912894
710 2 _aUniversidad de Cádiz.
_9171718
852 _aES-MaACL
_jG-4676
_bR.130976
999 _c18694
_d18694